Normal view MARC view
  • Siddiqui,Erum Wahab

Entry Personal Name

Number of records used in: 1

001 - CONTROL NUMBER

  • control field: 126534

003 - CONTROL NUMBER IDENTIFIER

  • control field: NUST

005 - DATE AND TIME OF LATEST TRANSACTION

  • control field: 20241028154909.0

008 - FIXED-LENGTH DATA ELEMENTS

  • fixed length control field: 241028|| aca||aabn | a|a d

040 ## - CATALOGING SOURCE

  • Original cataloging agency: NUST
  • Transcribing agency: NUST

100 ## - HEADING--PERSONAL NAME

  • Personal name: Siddiqui,Erum Wahab

670 ## - SOURCE DATA FOUND

  • Source citation: Work cat.: (NUST)174568: Siddiqui,Erum Wahab, Evaluation Of Prevailing Hospital Waste Management Practices and Their Improvement:, 1999.
© 2023 Central Library, National University of Sciences and Technology. All Rights Reserved.